[Event "Djerba Open A 2025"]
[Site "Djerba TUN"]
[Date "2025.02.18"]
[Round "4.13"]
[White "Cornileau, Juliette"]
[Black "Viers, Emmanuel"]
[Result "1/2-1/2"]
[WhiteTitle "WFM"]
[WhiteElo "2144"]
[BlackElo "2072"]
[WhiteFideId "36083372"]
[BlackFideId "656739"]
[EventDate "2025.02.16"]

1. e4 c5 2. Nf3 a6 3. c3 d5 4. exd5 Qxd5 5. d4 e6 6. Be3 Nd7 7. Be2 Ngf6 8. O-O
Bd6 9. h3 O-O 10. Nbd2 cxd4 11. cxd4 Bb8 12. a4 b6 13. Nc4 Bb7 14. Bg5 Rc8 15.
Rc1 Ne4 16. Be7 Bf4 17. Rc2 b5 18. axb5 axb5 19. Na3 Bd6 20. Bxd6 Nxd6 21. Rxc8+
Rxc8 22. Qd2 Qb3 23. Rc1 b4 24. Rxc8+ Bxc8 25. Bd1 Qd5 26. Qxb4 g6 27. Ba4 Nf6
28. Qc5 Bb7 29. Nb5 Nxb5 30. Bxb5 Qe4 31. Qd6 Qb1+ 32. Kh2 Bxf3 33. gxf3 Qxb2
34. Qb8+ Kg7 35. Kg2 Qxd4 36. Bc6 Nh5 37. Be4 g5 38. Qb5 Nf4+ 39. Kg3 Qf6 40.
Bd3 e5 41. Bc2 Qe6 42. Qf1 h6 43. Bb1 Qd7 44. Bc2 Qd2 45. Bf5 Ne2+ 46. Kg2 Nd4
47. Bb1 Qc3 48. Qd3 Qxd3 49. Bxd3 Kf6 50. Kg3 Ne6 51. Bc4 Nf4 52. h4 Kg6 53.
hxg5 hxg5 54. Bb3 f5 55. Bc2 Ne2+ 56. Kg2 Nd4 57. Bd3 Kf6 58. Bc4 Ke7 59. Bd5
Kd6 60. Ba8 Kc5 61. Bb7 Kc4 62. Ba6+ Kc3 63. Bb7 Kd2 64. Kf1 Nb5 65. Ba6 Nd6 66.
Be2 Ne8 67. Bc4 Nf6 68. Be6 f4 69. Bf5 Kd1 70. Bd3 Kd2 71. Bf5 Kc3 72. Kg2 Kd4
73. Bc8 e4 74. fxe4 Kxe4 75. Bb7+ Ke5 76. f3 Kd4 77. Kf2 Kd3 78. Ba8 Kd2 79. Bc6
Nh5 80. Bd7 Ng3 81. Bc8 Ne2 82. Ba6 Nc1 83. Bb7 Nd3+ 84. Kg2 Ke3 85. Kh3 Ne5 86.
Kg2 Nd3 87. Kh3 Ne5 88. Kg2 g4 89. fxg4 Nxg4 90. Ba8 Nf2 91. Bb7 Ne4 92. Bxe4
Kxe4 93. Kf2 f3 1/2-1/2

[Event "Djerba Open A 2025"]
[Site "Djerba TUN"]
[Date "2025.02.18"]
[Round "4.14"]
[White "Taieb, Sahbi"]
[Black "Messala, Noureddine"]
[Result "1-0"]
[WhiteTitle "CM"]
[WhiteElo "2116"]
[BlackElo "2069"]
[WhiteFideId "5500770"]
[BlackFideId "9001476"]
[EventDate "2025.02.16"]

1. d4 Nf6 2. Nf3 e6 3. g3 b6 4. Bg2 Bb7 5. O-O d5 6. Nbd2 Be7 7. c4 c6 8. cxd5
cxd5 9. Ne5 O-O 10. b3 Nfd7 11. Bb2 f6 12. Nxd7 Qxd7 13. Rc1 Na6 14. h4 Rac8 15.
Bh3 Rxc1 16. Qxc1 Rc8 17. Qb1 f5 18. Nf3 Qb5 19. Ne5 Bd6 20. Rc1 Bxe5 21. Rxc8+
Bxc8 22. dxe5 Bb7 23. Qc1 Nc5 24. Bf1 Ba6 25. Qg5 Qd7 26. Bd4 Ne4 27. Qe3 Qc6
28. Kh2 Qc2 29. f3 Nd2 30. Bg2 Qd1 31. Qg5 h6 32. Qg6 Qxe2 33. Qxe6+ Kh8 34.
Qxf5 Bd3 35. Qf4 Nf1+ 36. Kg1 Qe1 37. Bf2 Qd1 38. e6 Ne3+ 39. Kh2 Nxg2 40. Qf8+
Kh7 41. Bd4 Kg6 42. Qxg7+ Kh5 1-0

[Event "Djerba Open A 2025"]
[Site "Djerba TUN"]
[Date "2025.02.18"]
[Round "4.15"]
[White "Rekik, Ismail"]
[Black "Zounani, Yacine"]
[Result "1-0"]
[WhiteElo "2006"]
[BlackElo "2132"]
[WhiteFideId "5514100"]
[BlackFideId "20695594"]
[EventDate "2025.02.16"]

1. c4 c5 2. Nc3 Nc6 3. Nf3 e5 4. g3 g6 5. Bg2 Bg7 6. O-O Nge7 7. d3 d6 8. Rb1
O-O 9. a3 a5 10. Ne1 Be6 11. Nc2 d5 12. cxd5 Nxd5 13. e4 Nde7 14. Ne3 Rb8 15.
Ncd5 b5 16. Qc2 Qd6 17. a4 Bxd5 18. Nxd5 Nxd5 19. exd5 Nd4 20. Qd1 b4 21. b3 Nf5
22. Qc2 Rfc8 23. Qc4 Rc7 24. Re1 Ne7 25. f4 f6 26. fxe5 fxe5 27. Be3 Nf5 28. Bf2
Kh8 29. g4 Nd4 30. Bg3 Re8 31. Be4 Bh6 32. Rb2 Bf4 33. Bh4 g5 34. Bf2 Qh6 35.
Bxd4 exd4 36. Qb5 Rce7 37. Rf1 Qh3 38. Rg2 Rf8 39. Kh1 Rc8 40. Rf3 Qh6 41. Qxa5
Qh4 42. Qa6 Rce8 43. Qf6+ Kg8 44. Rxf4 1-0

[Event "Djerba Open A 2025"]
[Site "Djerba TUN"]
[Date "2025.02.18"]
[Round "4.16"]
[White "Chelly, Yahya"]
[Black "Boulrens, Ala Eddine"]
[Result "0-1"]
[WhiteElo "2106"]
[BlackElo "2121"]
[WhiteFideId "5516200"]
[BlackFideId "7907559"]
[EventDate "2025.02.16"]

1. d4 Nf6 2. c4 e6 3. Nc3 d5 4. Nf3 a6 5. e3 Be7 6. Bd3 Nbd7 7. O-O c5 8. Qe2
dxc4 9. Bxc4 b5 10. Bd3 Bb7 11. Rd1 Qb6 12. a3 O-O 13. dxc5 Nxc5 14. Bc2 Rfd8
15. Nd4 Rac8 16. b4 Ncd7 17. Bb2 Ne5 18. Bb3 Nc4 19. Rac1 Nxb2 20. Qxb2 Bd6 21.
Qe2 Bb8 22. Nf3 Qc7 23. Nd5 Qxc1 24. Nxf6+ gxf6 25. Rxc1 Rxc1+ 26. Ne1 Be5 27.
Kh1 0-1

[Event "Djerba Open A 2025"]
[Site "Djerba TUN"]
[Date "2025.02.20"]
[Round "5.1"]
[White "Velten, Paul"]
[Black "Thorfinnsson, Bjorn"]
[Result "1/2-1/2"]
[WhiteTitle "GM"]
[BlackTitle "IM"]
[WhiteElo "2505"]
[BlackElo "2377"]
[WhiteFideId "681091"]
[BlackFideId "2300982"]
[EventDate "2025.02.16"]

1. d4 d5 2. c4 e6 3. Nf3 Nf6 4. Nc3 Nbd7 5. Bg5 Bb4 6. Qa4 c5 7. cxd5 exd5 8.
Rc1 O-O 9. dxc5 a5 10. e3 Nxc5 11. Qc2 Nce4 12. Bxf6 Qxf6 13. Bd3 Bf5 14. O-O
Bxc3 15. bxc3 Rfc8 16. Qb2 Nd6 17. Bxf5 Qxf5 18. Rfd1 b5 19. Nd4 Qd7 20. Ne2 Rc5
21. Nf4 Rac8 22. Nd3 R5c7 23. Nf4 Rc5 24. Nd3 R5c7 25. Nf4 Rc5 1/2-1/2

[Event "Djerba Open A 2025"]
[Site "Djerba TUN"]
[Date "2025.02.20"]
[Round "5.2"]
[White "Stopa, Jacek"]
[Black "Sambuev, Bator"]
[Result "0-1"]
[WhiteTitle "GM"]
[BlackTitle "GM"]
[WhiteElo "2310"]
[BlackElo "2416"]
[WhiteFideId "1119591"]
[BlackFideId "4128290"]
[EventDate "2025.02.16"]

1. d4 e6 2. c4 Nf6 3. Nc3 Bb4 4. e3 O-O 5. Bd3 d5 6. cxd5 exd5 7. Ne2 Bd6 8. O-O
Re8 9. Qc2 a6 10. Bd2 b6 11. Rad1 Bb7 12. f3 c5 13. dxc5 bxc5 14. Ng3 Nc6 15. a3
c4 16. Bf5 g6 17. Bh3 Bc5 18. Kh1 Bxe3 19. Bxe3 Rxe3 20. Nge4 Ne5 21. Nxf6+ Qxf6
22. Nxd5 Bxd5 23. Rxd5 Rb8 24. f4 Qxf4 25. Qd1 Qh4 26. Rd4 Qe7 27. Qd2 Rd3 28.
Rxd3 Nxd3 29. b4 Qe5 30. g3 Rd8 31. Bg2 Rd7 32. Qc2 c3 33. Qa4 Rc7 34. Qc2 Ne1
35. Qf2 c2 0-1

[Event "Djerba Open A 2025"]
[Site "Djerba TUN"]
[Date "2025.02.20"]
[Round "5.3"]
[White "Zaibi, Amir"]
[Black "Debray, Christopher"]
[Result "1/2-1/2"]
[WhiteTitle "GM"]
[BlackTitle "IM"]
[WhiteElo "2352"]
[BlackElo "2320"]
[WhiteFideId "5500796"]
[BlackFideId "630810"]
[EventDate "2025.02.16"]

1. e4 e5 2. Nf3 Nf6 3. Nxe5 d6 4. Nf3 Nxe4 5. Nc3 Nxc3 6. dxc3 Be7 7. Be3 O-O 8.
Qd2 Nd7 9. O-O-O c6 10. Kb1 d5 11. h4 Nc5 12. Ng5 h6 13. Bd3 Nxd3 14. Qxd3 hxg5
15. hxg5 f5 16. f4 Qd6 17. Bc5 Qxc5 18. g6 Qf2 19. Rdf1 Qxg2 20. Rfg1 Qf2 21.
Rf1 Qg2 22. Rfg1 Qf2 1/2-1/2

[Event "Djerba Open A 2025"]
[Site "Djerba TUN"]
[Date "2025.02.20"]
[Round "5.4"]
[White "Hallal, Tarik"]
[Black "Amdouni, Zoubaier"]
[Result "1-0"]
[BlackTitle "FM"]
[WhiteElo "2083"]
[BlackElo "2229"]
[WhiteFideId "7924887"]
[BlackFideId "5500419"]
[EventDate "2025.02.16"]

1. e4 c5 2. Nf3 Nc6 3. d4 cxd4 4. Nxd4 g6 5. Nc3 Bg7 6. Be3 Nf6 7. Bc4 O-O 8.
Bb3 Re8 9. Nxc6 dxc6 10. Qe2 e5 11. O-O Qe7 12. f3 Be6 13. Nd1 Nd7 14. Bxe6 Qxe6
15. b3 Qe7 16. Nb2 Nf8 17. Qf2 Ne6 18. a4 b6 19. a5 Nd4 20. f4 c5 21. Bxd4 exd4
22. e5 b5 23. Qf3 f6 24. Qd5+ Qe6 25. Qxc5 fxe5 26. Qxb5 e4 27. Rae1 Rac8 28.
Nc4 Re7 29. f5 gxf5 30. Rxf5 a6 31. Qd5 Qxd5 32. Rxd5 Rf8 33. Nd6 Rd7 34. Rxe4
Rfd8 35. Re6 h6 36. Kf2 Bf8 37. Re8 Kh7 38. Rxd8 Rxd8 39. Ne4 Rc8 40. Rxd4 Rxc2+
41. Rd2 Rc1 42. Rd7+ Kg6 43. Rb7 Ra1 44. Rb6+ Kf5 45. Ng3+ Ke5 46. Rxa6 Rb1 47.
Ra8 Bc5+ 48. Kf3 Rxb3+ 49. Kg4 Rb4+ 50. Kh5 Rb2 51. Re8+ Kf6 52. Rg8 Kf7 53. Rc8
Be7 54. a6 Ra2 55. Nf5 Ra5 56. g4 Bf8 57. Rc7+ Kf6 58. a7 Bb4 59. Rb7 Bd2 60. h4
Be3 61. a8=Q 1-0

[Event "Djerba Open A 2025"]
[Site "Djerba TUN"]
[Date "2025.02.20"]
[Round "5.5"]
[White "Achour, Mohamed Anis"]
[Black "Willems, Niels"]
[Result "0-1"]
[BlackTitle "FM"]
[WhiteElo "2066"]
[BlackElo "2414"]
[WhiteFideId "7904649"]
[BlackFideId "20695586"]
[EventDate "2025.02.16"]

1. d4 Nf6 2. c4 e6 3. Nf3 d5 4. Nc3 c5 5. cxd5 Nxd5 6. e4 Nxc3 7. bxc3 cxd4 8.
cxd4 Bb4+ 9. Bd2 Bxd2+ 10. Qxd2 O-O 11. Bc4 Nd7 12. O-O b6 13. Rad1 Bb7 14. Rfe1
Rc8 15. Bb3 h6 16. Re3 b5 17. d5 exd5 18. exd5 Nc5 19. Qd4 Qd6 20. Nh4 Nxb3 21.
axb3 Qxd5 22. Qxd5 Bxd5 23. Nf5 Rfe8 24. Ne7+ Rxe7 25. Rxe7 Bxb3 26. Rb1 a5 27.
Kf1 a4 28. Ke1 Rc5 29. Re8+ Kh7 30. Re3 Kg6 31. Rb2 Kf5 32. Kd2 h5 33. Rc3 Rd5+
34. Rd3 Ke5 35. Rxd5+ Kxd5 36. Kc3 Kc5 37. Re2 b4+ 38. Kb2 Bd5 39. Re7 a3+ 40.
Kc2 b3+ 41. Kb1 Bc4 42. Rd7 Kb4 43. Rd1 b2 0-1

[Event "Djerba Open A 2025"]
[Site "Djerba TUN"]
[Date "2025.02.20"]
[Round "5.6"]
[White "Boudriga, Mohamed Ali"]
[Black "Kadi, Mohamed El Mouldi"]
[Result "1-0"]
[WhiteTitle "IM"]
[WhiteElo "2323"]
[BlackElo "2070"]
[WhiteFideId "5500460"]
[BlackFideId "7901127"]
[EventDate "2025.02.16"]

1. d4 Nf6 2. c4 g6 3. Nc3 Bg7 4. e4 d6 5. Nf3 O-O 6. h3 e5 7. d5 Nbd7 8. Be3 Nc5
9. Nd2 a5 10. g4 c6 11. Be2 Bd7 12. f3 cxd5 13. cxd5 Ne8 14. h4 Nc7 15. a4 N7a6
16. Nc4 Qc7 17. Nb5 Bxb5 18. axb5 Nb4 19. b6 Qd7 20. Bxc5 dxc5 21. Qa4 Qd8 22.
O-O-O f5 23. gxf5 gxf5 24. Bd3 Rf6 25. Bc2 Rh6 26. h5 f4 27. Rdg1 Kh8 28. Rg2
Bf6 29. Bb3 1-0

[Event "Djerba Open A 2025"]
[Site "Djerba TUN"]
[Date "2025.02.20"]
[Round "5.7"]
[White "Pichon, Ewen"]
[Black "Bouzidi, Ahmed"]
[Result "0-1"]
[WhiteTitle "FM"]
[BlackTitle "CM"]
[WhiteElo "2351"]
[BlackElo "2168"]
[WhiteFideId "45155593"]
[BlackFideId "5501733"]
[EventDate "2025.02.16"]

1. Nf3 Nf6 2. c4 b6 3. g3 Bb7 4. Bg2 e6 5. O-O Be7 6. d4 O-O 7. Nc3 Ne4 8. Qc2
Nxc3 9. Qxc3 f5 10. h4 Bf6 11. Rd1 d6 12. Qb3 Qe7 13. d5 Nd7 14. Nd4 Nc5 15. Qc2
a5 16. Be3 Bxd4 17. Bxd4 e5 18. Bc3 f4 19. e4 Rf6 20. Be1 Raf8 21. a4 Bc8 22.
Ra3 f3 23. Bf1 Rg6 24. Rdd3 Nxd3 25. Qxd3 Qf6 26. Qe3 Bg4 27. b4 axb4 28. Bxb4
Bh5 29. Kh2 Qe7 30. Bh3 Rf4 31. Ra1 Rxh4 32. gxh4 Qxh4 33. Rg1 Rxg1 34. Kxg1
Qxh3 35. Qg5 Bg4 0-1

[Event "Djerba Open A 2025"]
[Site "Djerba TUN"]
[Date "2025.02.20"]
[Round "5.8"]
[White "Loeffler, Markus"]
[Black "Rekik, Ismail"]
[Result "0-1"]
[WhiteTitle "IM"]
[WhiteElo "2232"]
[BlackElo "2006"]
[WhiteFideId "4604822"]
[BlackFideId "5514100"]
[EventDate "2025.02.16"]

1. e4 c6 2. d4 d5 3. e5 Bf5 4. Nf3 e6 5. Be2 c5 6. Be3 Nd7 7. O-O Ne7 8. c4 dxc4
9. Na3 Nd5 10. Nxc4 Be7 11. Nd6+ Bxd6 12. exd6 O-O 13. Rc1 Nxe3 14. fxe3 Qb6 15.
dxc5 Nxc5 16. Qd4 Ne4 17. Rfd1 Rfd8 18. Qxb6 axb6 19. d7 Nf6 20. Rc7 Be4 21. Ng5
Bc6 22. Bf3 Nd5 23. Bxd5 Bxd5 24. a3 h6 25. Nf3 Kf8 26. Rd4 f6 27. Rb4 Ra6 28.
e4 Bc6 29. Nd4 Bxd7 30. Rxb7 e5 31. Nf3 b5 32. Kf2 Rc6 33. Rb3 Rc2+ 34. Kg3 g5
35. Rd3 Ke8 36. b4 h5 37. h4 g4 38. Nh2 Bc6 0-1

[Event "Djerba Open A 2025"]
[Site "Djerba TUN"]
[Date "2025.02.20"]
[Round "5.9"]
[White "Papaux, Steve"]
[Black "Taieb, Sahbi"]
[Result "1/2-1/2"]
[BlackTitle "CM"]
[WhiteElo "2204"]
[BlackElo "2116"]
[WhiteFideId "1337602"]
[BlackFideId "5500770"]
[EventDate "2025.02.16"]

1. d4 Nf6 2. c4 e6 3. Nf3 c5 4. d5 b5 5. e4 Nxe4 6. Bd3 Nf6 7. O-O Be7 8. Nc3
exd5 9. cxd5 b4 10. d6 Bxd6 11. Be4 bxc3 12. Bxa8 Be7 13. bxc3 O-O 14. c4 d6 15.
Qa4 Qc7 16. Re1 Be6 17. Ng5 Bf5 18. Bd2 Bd8 19. Bf4 Nh5 20. Bd2 Nf6 21. Ne4 Nfd7
22. Ng3 Nb6 23. Ba5 Bd7 24. Qc2 Nc6 25. Bxc6 Bxc6 26. Nh5 g6 27. Nf4 Qb7 28. Qd3
Bg5 29. Nh3 Bf6 30. Bc3 Bxc3 31. Qxc3 Bxg2 32. Nf4 Qf3 33. Qxf3 Bxf3 34. Rac1 g5
35. Re3 Bb7 36. Re7 gxf4 37. Rxb7 Re8 38. Rxa7 Re4 39. a4 Nxc4 40. a5 f3 41. a6
Nd2 42. Ra1 Rg4+ 43. Kh1 Ne4 44. Ra2 Rg2 45. Ra8+ Kg7 46. a7 Nxf2+ 47. Rxf2 Rxf2
48. Rg8+ Kxg8 49. a8=Q+ Kg7 50. h3 Rf1+ 51. Kh2 Rf2+ 52. Kg1 Rg2+ 53. Kf1 Rg6
54. Qd5 h6 55. Kf2 Rf6 56. Qd3 Kf8 57. Qe4 Kg7 58. Qa8 Rf5 59. Qa6 Rf6 60. Qa1
Kg6 61. Qb1+ Rf5 62. h4 Kf6 63. Qc1 h5 64. Qc3+ Ke6 65. Qe3+ Kf6 66. Qe4 d5 67.
Qc2 d4 68. Qe4 Kg6 69. Qc6+ Kg7 70. Qd6 Kh7 71. Qg3 Kh8 72. Qh3 Rf6 73. Qc8+ Kg7
74. Qxc5 d3 75. Qxh5 d2 76. Qd5 Rh6 77. Qxd2 Rg6 78. Kxf3 Rf6+ 79. Kg4 Rg6+ 80.
Kh3 Re6 81. Qg5+ Rg6 82. Qe5+ Kh7 83. h5 Re6 84. Qg5 Rh6 85. Kg4 Re6 86. Kf5 Ra6
87. Qd8 Kg7 88. Kg5 Re6 89. Qb8 Rh6 90. Qb2+ Kh7 91. Qd4 Re6 92. Kg4 Kg8 93. Kf5
Kh7 94. Kg5 Kg8 95. h6 Rg6+ 96. Kh5 Kh7 97. Qe4 Kg8 98. Qe8+ Kh7 99. Qxf7+ Kh8
100. Qe8+ Rg8 101. Qe5+ Kh7 102. Qf5+ Kh8 103. Qf6+ Kh7 104. Qf5+ Kh8 105. h7
Rg7 106. Qf8+ Kxh7 107. Qf5+ Kg8 108. Kh6 Re7 109. Qf6 Rh7+ 110. Kg5 Rg7+ 111.
Kh5 Rh7+ 112. Kg6 Rh6+ 113. Kxh6 1/2-1/2

[Event "Djerba Open A 2025"]
[Site "Djerba TUN"]
[Date "2025.02.20"]
[Round "5.10"]
[White "Maisuradze, Nino"]
[Black "Gemelli, Romain"]
[Result "1/2-1/2"]
[WhiteTitle "WGM"]
[WhiteElo "2174"]
[BlackElo "2203"]
[WhiteFideId "13601717"]
[BlackFideId "1336401"]
[EventDate "2025.02.16"]

1. d4 Nf6 2. Nf3 d5 3. c4 e6 4. Nc3 Bb4 5. Qa4+ Nc6 6. Bg5 h6 7. Bxf6 Qxf6 8. e3
O-O 9. Rc1 Qg6 10. cxd5 exd5 11. Qb3 Rd8 12. a3 Bf8 13. Nb5 Rd7 14. Nc3 a6 15.
Na4 Rd8 16. Nc5 Bd6 17. Qxd5 Bxh2 18. Qe4 Qxe4 19. Nxe4 Bd6 20. Nxd6 cxd6 21.
Bd3 Be6 22. Nd2 Rac8 23. O-O Na5 24. Be4 d5 25. Bf3 b5 26. Nb1 Nc4 27. b3 Na5
28. Nd2 Kf8 29. Rfe1 Ke7 30. g3 Kd7 31. Kg2 Rxc1 32. Rxc1 Rc8 33. Rxc8 Kxc8 34.
g4 Kc7 35. Kg3 Kd6 36. Bd1 f5 37. f3 fxg4 38. fxg4 Ke7 39. Kf4 Kf6 40. e4 Nc6
41. exd5 Bxd5 42. Ne4+ Ke7 43. Nc3 Bg2 44. d5 Nb8 45. Be2 Kd6 46. Kf5 Nd7 47.
Kg6 Ne5+ 48. Kxg7 Bh3 49. Kxh6 Nxg4+ 50. Kg5 Ne3 51. Bf3 Bg2 52. Bxg2 Nxg2 53.
Kf5 Ne3+ 54. Ke4 Nc2 55. Nb1 a5 56. a4 bxa4 57. bxa4 Nb4 58. Nc3 Kc5 59. d6 1/2-1/2

[Event "Djerba Open A 2025"]
[Site "Djerba TUN"]
[Date "2025.02.20"]
[Round "5.11"]
[White "Kakavand, Ramtin"]
[Black "Doucet, Pierre-Alois"]
[Result "1-0"]
[WhiteTitle "FM"]
[WhiteElo "2106"]
[BlackElo "2027"]
[WhiteFideId "32790597"]
[BlackFideId "551065738"]
[EventDate "2025.02.16"]

1. e4 c6 2. d4 d5 3. f3 Qa5+ 4. Nc3 dxe4 5. Bc4 Nf6 6. fxe4 Nxe4 7. Qf3 Nd6 8.
Bd3 Bf5 9. Ne2 Bxd3 10. Qxd3 Qf5 11. Qxf5 Nxf5 12. d5 cxd5 13. Nxd5 Na6 14. g4
Nd6 15. Bf4 e6 16. Ndc3 Nc4 17. O-O-O Be7 18. b3 Nb6 19. Kb2 O-O 20. g5 Rac8 21.
Nb5 Rc5 22. c4 Nb4 23. h4 f6 24. gxf6 Rxf6 25. Nbc3 Rff5 26. Be3 Ra5 27. Nd4 Bf6
28. Nxf5 Rxa2+ 29. Kb1 Bxc3 30. Rd8+ Kf7 31. Nd6+ Ke7 32. Bg5+ Bf6 33. Bxf6+
gxf6 34. Nxb7 Ra3 35. Kb2 Ra2+ 36. Kc3 a5 37. Rd2 Ra3 38. Nxa5 Na2+ 39. Kb2 Rxa5
40. Ra1 f5 41. Rxa2 Rc5 42. Ra7+ Kf6 43. Rb7 Rc6 44. Rxh7 f4 45. Kc3 Kf5 46.
Rf7+ Kg4 47. Rg2+ Kf3 48. Rg6 Nd5+ 49. Kb2 Ne3 50. h5 Rb6 51. Kc3 Ng4 52. Rf8
Nf2 53. h6 Nd1+ 54. Kd2 Rd6+ 55. Kc2 Ne3+ 56. Kc3 Nd1+ 57. Kb4 Nb2 58. h7 Nd3+
59. Kb5 1-0

[Event "Djerba Open A 2025"]
[Site "Djerba TUN"]
[Date "2025.02.20"]
[Round "5.12"]
[White "Viers, Emmanuel"]
[Black "Filali, Razzouki Marouane"]
[Result "0-1"]
[BlackTitle "CM"]
[WhiteElo "2072"]
[BlackElo "2234"]
[WhiteFideId "656739"]
[BlackFideId "9003720"]
[EventDate "2025.02.16"]

1. Nf3 Nf6 2. b3 d5 3. Bb2 c5 4. e3 Nc6 5. d4 cxd4 6. exd4 Bf5 7. Ne5 Rc8 8.
Nxc6 bxc6 9. Nd2 e6 10. Be2 Bd6 11. O-O h5 12. Nf3 Ne4 13. c4 g5 14. Ne5 g4 15.
cxd5 cxd5 16. Rc1 f6 17. Rxc8 Qxc8 18. Qc1 Qb7 19. Bb5+ Ke7 20. Qc6 Rb8 21.
Qxb7+ Rxb7 22. Nc6+ Kf8 23. Ba4 Rc7 24. Rc1 Bf4 25. Ba3+ Kg7 26. Rc2 h4 27. Bc1
Bd6 28. Be3 h3 29. b4 hxg2 30. Rc1 Kg6 31. Kxg2 Rh7 32. b5 Rxh2+ 33. Kg1 Ng5 34.
Bxg5 Be4 35. Kf1 Bf3 36. Ke1 Kxg5 37. Kd2 Bf4+ 38. Kc2 Rxf2+ 39. Kb1 Bxc1 0-1

[Event "Djerba Open A 2025"]
[Site "Djerba TUN"]
[Date "2025.02.20"]
[Round "5.13"]
[White "Amrane, Abdellah"]
[Black "Cornileau, Juliette"]
[Result "1/2-1/2"]
[WhiteTitle "CM"]
[BlackTitle "WFM"]
[WhiteElo "2021"]
[BlackElo "2144"]
[WhiteFideId "7912994"]
[BlackFideId "36083372"]
[EventDate "2025.02.16"]

1. e4 e5 2. Nf3 Nc6 3. Bc4 Nf6 4. d3 h6 5. Qe2 d6 6. c3 g5 7. h3 Qe7 8. Be3 Bg7
9. Nbd2 Bd7 10. b4 Nd8 11. g3 b5 12. Bb3 a5 13. bxa5 c5 14. a4 Rxa5 15. Qd1 O-O
16. axb5 Rxa1 17. Qxa1 Bxb5 18. Bc4 Bxc4 19. Nxc4 d5 20. exd5 Nxd5 21. O-O Nxe3
22. Nxe3 Qd7 23. Nc4 Nc6 24. Re1 e4 25. dxe4 Qd3 26. Ncd2 Qxc3 27. Qxc3 Bxc3 28.
Rc1 Nd4 29. Kf1 Nxf3 30. Nxf3 Bb4 31. Rc4 Kg7 32. Ne5 Rd8 33. Ke2 Rd2+ 34. Ke3
Rd1 35. Nd3 Rh1 36. Nxb4 cxb4 37. Rxb4 Rxh3 1/2-1/2

[Event "Djerba Open A 2025"]
[Site "Djerba TUN"]
[Date "2025.02.20"]
[Round "5.14"]
[White "Hoekstra, Peter"]
[Black "Boulrens, Ala Eddine"]
[Result "1-0"]
[WhiteElo "2000"]
[BlackElo "2121"]
[WhiteFideId "1023217"]
[BlackFideId "7907559"]
[EventDate "2025.02.16"]

1. e4 d6 2. d4 Nf6 3. Nc3 c6 4. f4 Qa5 5. Bd3 e5 6. Nf3 exd4 7. Nxd4 g6 8. Be3
Bg7 9. Qd2 Nbd7 10. h3 Nc5 11. O-O Qc7 12. Rae1 O-O 13. Nf3 Re8 14. Bxc5 dxc5
15. e5 Nd7 16. Ne4 b5 17. b3 Bb7 18. Qf2 Qb6 19. Nd6 Rf8 20. Kh1 Rad8 21. Ng5 f6
22. Nxh7 Kxh7 23. Qh4+ Bh6 24. e6 Qc7 25. Nf5 gxf5 26. Bxf5+ Kg7 27. Qg4+ Bg5
28. Qh5 Ra8 1-0

[Event "Djerba Open A 2025"]
[Site "Djerba TUN"]
[Date "2025.02.20"]
[Round "5.16"]
[White "Zounani, Yacine"]
[Black "Chelly, Yahya"]
[Result "0-1"]
[WhiteElo "2132"]
[BlackElo "2106"]
[WhiteFideId "20695594"]
[BlackFideId "5516200"]
[EventDate "2025.02.16"]

1. d4 Nf6 2. c4 e6 3. g3 d5 4. Nf3 dxc4 5. Bg2 Bb4+ 6. Bd2 a5 7. Qc2 Bxd2+ 8.
Qxd2 c6 9. a4 b5 10. axb5 cxb5 11. Qg5 O-O 12. Qxb5 Ba6 13. Qxa5 Bb7 14. Qxd8
Rxa1 15. Qxf8+ Kxf8 16. O-O Ra2 17. Nbd2 0-1

[Event "Djerba Open A 2025"]
[Site "Djerba TUN"]
[Date "2025.02.21"]
[Round "6.1"]
[White "Hallal, Tarik"]
[Black "Velten, Paul"]
[Result "0-1"]
[BlackTitle "GM"]
[WhiteElo "2083"]
[BlackElo "2505"]
[WhiteFideId "7924887"]
[BlackFideId "681091"]
[EventDate "2025.02.16"]

1. e4 e6 2. d4 d5 3. exd5 exd5 4. Bf4 Ne7 5. Bd3 Ng6 6. Qe2+ Be7 7. Bxg6 hxg6 8.
Nc3 O-O 9. O-O-O c6 10. f3 Nd7 11. Qf2 Nb6 12. Nge2 Nc4 13. b3 Na3 14. h4 b5 15.
Qg3 Bf5 16. Rd2 a5 17. h5 g5 18. h6 g6 19. Be3 a4 20. Qh2 axb3 21. cxb3 b4 22.
Nd1 Kh7 23. g4 Bb1 24. Qe5 Rg8 25. Nf2 Bf6 26. Qg3 Re8 27. f4 Nc2 28. Rxc2 Bxc2
29. Kxc2 Rxa2+ 30. Kd1 Rxe2 31. Kxe2 Bxd4 32. Nd1 Bxe3 33. Nxe3 d4 0-1

[Event "Djerba Open A 2025"]
[Site "Djerba TUN"]
[Date "2025.02.21"]
[Round "6.2"]
[White "Sambuev, Bator"]
[Black "Thorfinnsson, Bjorn"]
[Result "1-0"]
[WhiteTitle "GM"]
[BlackTitle "IM"]
[WhiteElo "2416"]
[BlackElo "2377"]
[WhiteFideId "4128290"]
[BlackFideId "2300982"]
[EventDate "2025.02.16"]

1. d4 d5 2. c4 e6 3. Nc3 Nf6 4. Bg5 dxc4 5. e3 c5 6. Bxc4 cxd4 7. exd4 Be7 8.
Nf3 a6 9. O-O O-O 10. Qe2 b5 11. Bb3 Nc6 12. Rad1 Na5 13. d5 Qb6 14. Ne5 Nxb3
15. Nc6 Bc5 16. Bxf6 exd5 17. Ne7+ Bxe7 18. Nxd5 Qxf6 19. Nxf6+ Bxf6 20. axb3
Be6 21. Rd3 a5 22. Re3 a4 23. Rxe6 fxe6 24. g3 Kh8 25. Rd1 axb3 26. Qxb5 Bxb2
27. Qxb3 Ba3 28. Rd7 Bc5 29. Qb2 Rf6 30. Kh1 Bxf2 31. Rxg7 Kxg7 32. Qb7+ Rf7 33.
Qxa8 Bd4 34. Qe4 e5 35. Kg2 Rf2+ 36. Kh3 h5 37. Kh4 Rxh2+ 38. Kg5 Kf7 39. Qb7+
Ke6 40. Qc6+ Ke7 41. Kg6 Bb2 42. Qf6+ Kd7 43. Kf7 Bd4 44. Qe6+ Kc7 45. Qa6 h4
46. Qc4+ Kb6 47. g4 h3 48. Qb3+ Kc5 49. Ke6 Kc6 50. Qg3 Rg2 51. Qxh3 Rg1 52. Qa3
Kb5 53. Qb3+ Kc5 54. Qc2+ Kb6 55. Kd6 Rg3 56. Qb1+ Ka6 57. g5 Rg1 58. Qa2+ Kb5
59. Qb3+ Ka5 60. Kc6 Rc1+ 61. Kd5 Rg1 62. g6 Ka6 63. Qa3+ Kb5 64. Qf8 Rd1 65.
Qe8+ Kb4 66. g7 e4 67. Kxe4 1-0

[Event "Djerba Open A 2025"]
[Site "Djerba TUN"]
[Date "2025.02.21"]
[Round "6.3"]
[White "Debray, Christopher"]
[Black "Willems, Niels"]
[Result "1/2-1/2"]
[WhiteTitle "IM"]
[BlackTitle "FM"]
[WhiteElo "2320"]
[BlackElo "2414"]
[WhiteFideId "630810"]
[BlackFideId "20695586"]
[EventDate "2025.02.16"]

1. e4 c5 2. Nf3 d6 3. Nc3 Nf6 4. e5 dxe5 5. Nxe5 a6 6. g3 Qc7 7. d4 e6 8. Bf4
Bd6 9. Bg2 O-O 10. O-O Nc6 11. Nxc6 Bxf4 12. gxf4 bxc6 13. dxc5 Qxf4 14. Qd6 e5
15. Ne2 Qg5 16. Ng3 Be6 17. Rae1 e4 18. Nxe4 Nxe4 19. Rxe4 Bd5 20. h4 Qh5 21.
Qe5 Qg6 22. h5 Qh6 23. Re3 Bxg2 24. Kxg2 Rae8 25. Qxe8 Qg5+ 26. Kh2 Qxh5+ 27.
Kg1 Qg6+ 28. Kh2 Qh6+ 29. Kg2 Qg5+ 30. Kh2 Qh6+ 31. Kg2 Qg5+ 1/2-1/2